000 01031nam a2200313 a 4500
001 vtls001249452
003 NLI
005 20210603140204.0
008 120404s1964 ii 000 0 mar
020 _cRs. 3.00
039 9 _y201204041740
_zVLOAD
040 _aNLI
_bmareng
_cDatasoft_Marathi_S
_eAACR2
041 0 _amar
044 _a ii
082 0 4 _a 808.8
100 1 _6880-01
_aकरंदोकर¸ अ. ज.
_9202261
245 1 0 _6880-02
_aविचित्र¸ कथा /
_cअ. ज. करंदोकर
260 _aपुणे :
_bग. ल. ठोकल,
_c1964
300 _a128 p. ;
_c18 cm.
650 0 _aLiterature
_xCollections
_998950
880 1 0 _6245-02(B
_aVicitra kathā /
_cA. J. Karaṁdokara
880 1 _6100-01(B
_aKaraṁdokara, A. J
887 _a [Humera Rashid 08.12.2011]Sujit
901 _a11063
_b20.02.1965
902 _aMar 808.8 K 124 v
904 _c[Humera Rashid 08.12.2011]Sujit
_l145
942 _2ddc
_cBKS
949 _AVIRTUAITEM
_D10000
_X100
_6DBA000011063MAR
999 _aVIRTUA40
_c441925
_d441925